Sociological human ecology : contemporary issues and applications /

Bibliographic Details
Other Authors: Micklin, Michael, Choldin, Harvey M.
Format: Book
Language:English
Published: Boulder : Westview Press, 1984.
Subjects:

MARC

Tag First Indicator Second Indicator Subfields
LEADER 00000cam a2200000 a 4500
001 in00000550821
005 20151014052443.0
008 841128s1984 coua b 00100 eng
010 |a  83051576  
019 |a 10837431 
020 |a 0865316708 
020 |a 0865316716 (pbk.) 
035 |a (OCoLC)10816707 
035 |9 ACJ9015AM 
039 0 |a 2  |b 3  |c 3  |d 3  |e 3 
040 |a DLC  |c DLC  |d TXA  |d UtOrBLW 
049 |a TXAM 
050 0 0 |a HM206  |b .S62 1984 
082 0 |a 304.2  |2 19 
245 0 0 |a Sociological human ecology :  |b contemporary issues and applications /  |c edited by Michael Micklin and Harvey M. Choldin. 
264 1 |a Boulder :  |b Westview Press,  |c 1984. 
300 |a xiv, 454 pages :  |b illustrations ;  |c 24 cm. 
336 |a text  |b txt  |2 rdacontent 
337 |a unmediated  |b n  |2 rdamedia 
338 |a volume  |b nc  |2 rdacarrier 
504 |a Includes bibliographies and indexes. 
650 0 |a Human ecology. 
650 0 |a Sociology. 
700 1 |a Micklin, Michael. 
700 1 |a Choldin, Harvey M. 
999 |a MARS 
999 f f |s bdf3523a-8a83-3e5c-90a5-da202fd6d31b  |i 41473f75-cf0f-35d0-9ab4-00495332d8d4  |t 0 
952 f f |p ric  |a Texas A&M University  |b Rellis Campus  |c Joint Library Facility  |d Remote Storage  |t 0  |e HM206 .S62 1984  |h Library of Congress classification  |i unmediated -- volume  |m A14809015059 
998 f f |a HM206 .S62 1984  |t 0  |l Remote Storage